| 000 | 01078nam a2200289 i 4500 | ||
|---|---|---|---|
| 003 | EG-GICUC | ||
| 005 | 20260402134309.0 | ||
| 008 | 260402s1926 gw ||||fr|||| 001 0 ger d | ||
| 040 |
_aEG-GiCUC _bger _cEG-GiCUC _dEG-GiCUC _eRda |
||
| 041 | 0 |
_ager _hger |
|
| 082 | 0 | 4 |
_221 _a341.33 _bLE . G |
| 092 | 0 | 4 | _221 |
| 099 | _aLaw1 11 341.33 LE . G 1926 | ||
| 100 | 1 |
_a Lepsius, Johannes _eAuthor. |
|
| 245 | 1 | 3 |
_a Die Großpolitik der europäischen Kabinette 1871–1914 : _bSammlung der diplomatischen Akten des Auswärtigen Amtes — Vierunddreißigstel Band, Zweiter Teil / _cvon Johannes Lepsius. |
| 264 |
_aBerlin : _bDeutsche Verlagsgesellschaft für Politik und Geschichte, _c1926. |
||
| 300 |
_a887 page ; _c 24 cm. _billustrations, |
||
| 336 |
_2rda contenu _a texte |
||
| 337 |
_2rda medias _aOrdinateur |
||
| 338 |
_2 transporteur rda _a Ressource en ligne |
||
| 546 | _a Text in German | ||
| 650 | 1 | 0 |
_2qrmak _aPublic international law |
| 651 | 1 | _2qrmak | |
| 856 | 4 | 0 | _uhttps://fll.law.cu.edu.eg/fulltext/bks/B11-06767.pdf |
| 905 | _a31 | ||
| 942 |
_2ddc _cBK _e21 _n0 |
||
| 999 |
_c68444 _d68444 |
||